| 000 | 00839nam0a22002531 4500 | ||
|---|---|---|---|
| 001 | v19\rc\1687318 | ||
| 005 | 20250619022542.0 | ||
| 035 | _a(NLR Aleph) 004791935 | ||
| 090 |
_a4738379 _c4738381 |
||
| 100 | _a20061002d1896 |||y0rusy50 ca | ||
| 101 | 0 | _arus | |
| 102 | _aRU | ||
| 105 | _ay z ||||| | ||
| 200 | 1 |
_aТетрадь для спряжения французских глаголов с таблицами... _fА. Пашалери и А. Колле |
|
| 210 |
_aОдесса _cЦентр. типо-лит. _dценз. 1896 |
||
| 215 | _a[16] с. | ||
| 700 | 1 |
_aПашалери _bА.К. _gАнастасий Константинович |
|
| 701 | 1 |
_aКолле _bА. |
|
| 801 | 0 |
_aRU _bNLR _gpsbo |
|
| 801 | 0 |
_aRU _bRuMoRGB _2psbo |
|
| 801 | 1 |
_aRU _bProSoft-M _2rusmarc |
|
| 852 |
_aNLR _j18.128.3.398 |
||
| 942 | _cBOOK | ||
| 980 | _aNB | ||